| 000 | 00582nam a2200169Ia 4500 | ||
|---|---|---|---|
| 003 | GCL | ||
| 008 | 140319s9999 xx 000 0 ara d | ||
| 040 |
_aGCL / _cGCL |
||
| 082 | 0 | 4 |
_a251.12 _bح م |
| 100 | 1 | _aحمزة محمد صالح عجاج | |
| 245 | 1 | 0 |
_aمن وصايا الرسول صلى الله عليه وسلم خمس وخمسون وصية / _cحمزة محمد صالح عجاج |
| 260 |
_a[S.N] : _bمكتبة التراث الاسلامى |
||
| 490 | _a | ||
| 650 | 0 | 4 | _aالشريعة الاسلامية |
| 650 | 0 | 4 | _aالسنة النبوية |
| 942 |
_2ddc _cBK |
||
| 999 |
_c28500 _d28500 |
||